MDQL
is popping MORE tags! Check the
thread
!
Quizzes
Events
Quiz Creation
Community
Videos
Private Events
Remove Ads
Sign In
Join for FREE
Feedback
Dark Mode
Quiz Categories
Sports
Geography
Music
Movies
Television
Just For Fun
Miscellaneous
History
Literature
Language
Science
Gaming
Entertainment
Religion
Holiday
For Kids
Quiz Lab
Recent
Popular Today
Quiz Kudos Today
Editor Picks
Curator Picks
Quizzes by...
Day
Popularity
Type
Ratings
Length
Year
Community
Subscriptions
Recent Discussions
Orange Saloon
Badges
Playlists
Quests
Create
Leaderboards
Showdown
Live 5
Trivia Bingo
Activity
Puzzle Library
Sporcle Events
Private Events
Virtual Trivia
Globe League
Become a Host
Pub Owners
SporcleCon
Opinionation
Our Games
Videos
Blog
Mobile Apps
Partnerships
Remove Ads and Go Orange
Feedback
Sports
Athletes
MLB
NBA
NHL
NFL
Soccer
Sports Teams
WWE
NCAA
Football
Premier League
Basketball
Baseball
Hockey
Golf
Tennis
Cricket
Rugby
Auto Racing
Olympics
World Cup
Sports
Athletes
MLB
NBA
NHL
NFL
Soccer
Sports Teams
WWE
NCAA
Football
Premier League
Basketball
Baseball
Hockey
Golf
Tennis
Cricket
Rugby
Auto Racing
Olympics
World Cup
Random Quiz
Search Sporcle
×
Quiz Lab
Quiz Lab
Sports
Baseball
Type in answers that appear in a list
Type in answers that appear in a list
Classic
Best Score? Go Orange.
MLB Last Player with 40 Saves Per Team Stats
Can you name the last MLB player per team to record 40 saves in a season?
By
steelnation86
4m
30 Questions
1,487 Plays
1,487 Plays
1,487 Plays
Comments
Comments
Give Quiz Kudos
Give Quiz Kudos
-
- Ratings
hide this ad
Replay
Link that replays current quiz
Next Quiz
Link to next quiz in quiz playlist
You Got
0%
They Got
Avg Score
53%
Avg Friend Score
Upgrade to see
Score Distribution
Jump to the score distribution portion of the page
Score
0/30
Timer
04:00
0
Plays Today
Team
Player
% Correct
New York Yankees
Mariano Rivera
89.8%
Atlanta Braves
Kenley Jansen
87.2%
Boston Red Sox
Craig Kimbrel
84.9%
Los Angeles Dodgers
Kenley Jansen
76.5%
Minnesota Twins
Joe Nathan
71.9%
San Francisco Giants
Brian Wilson
71.2%
Detroit Tigers
Francisco Rodriguez
71%
Philadelphia Phillies
Brad Lidge
66.8%
Kansas City Royals
Greg Holland
65.6%
Seattle Mariners
Edwin Diaz
63.1%
Texas Rangers
Joe Nathan
62.7%
Milwaukee Brewers
Francisco Rodriguez
61.4%
Cleveland Guardians
Emmanuel Clase
60.6%
New York Mets
Jeurys Familia
58.8%
Houston Astros
Jose Valverde
58.5%
Team
Player
% Correct
Colorado Rockies
Wade Davis
57.3%
Cincinnati Reds
Francisco Cordero
53.1%
Los Angeles Angels
Huston Street
51.9%
St. Louis Cardinals
Trevor Rosenthal
51%
Arizona Diamondbacks
J.J. Putz
48.2%
Tampa Bay Rays
Alex Colome
45.5%
Chicago White Sox
Addison Reed
43%
Pittsburgh Pirates
Mark Melancon
41.8%
Baltimore Orioles
Zach Britton
38.1%
San Diego Padres
Kirby Yates
37.5%
Washington Nationals
Rafael Soriano
34%
Oakland Athletics
Keith Foulke
28.6%
Miami Marlins
A.J. Ramos
28.6%
Chicago Cubs
Rod Beck
22.7%
Toronto Blue Jays
Duane Ward
14.1%
Quiz Playlist
Details
Report
Send in Message
Add To Playlist
Classic:
Type in answers that appear in a list
Quiz Source
Last Updated: Dec 14, 2020
Quiz Scoreboard
CHALLENGE
Sign Up to Join the Scoreboard
Show All
Scores
Hide
Comments
May contain spoilers
Recently Published
Find the 'City' Movie
by crazypaving
Movies
60s
5x2 Blitz: Bands
by SL_Kpop136
Music
30s
Colored Red Africa Blitz
by spor1
Geography
30s
More to Explore
Quiz From the Vault
Featured Blog Post
14 Easter Pick-up Lines to Find Eggs With
hide this ad
You Might Also Like...
Tags
Baseball Quiz
MLB Quiz
Closer
Closers
Per Team
Player
Saves
Today's Top Quizzes in Sports
Browse Sports
hide this ad
Today's Top Quizzes in Baseball
Browse Baseball
Top Contributed Quizzes in Sports
1
Les entraîneurs de l'OM et du PSG au 21e siècle
2
Les meilleurs buteurs des matchs entre le PSG et l’OM
3
Players with Multiple 50 Home Run Seasons
4
2022 World Cup Stars
5
Les joueurs passés par le PSG et l'OM
6
NBA Logic Puzzle 2.0
7
Criteria MLB: Left Handed Sluggers
8
MLB Players with Two .350 Batting Average Seasons
9
Top 10 NHL Goal Scorers of All Time
10
Who Hit More Homers?
Explore More
Trending Topics
Marvel
Kpop
Anime
Crossword
Disney
NBA
Harry Potter
Puzzle
Soccer
NFL
The Office
Song
Country
Pokémon
WWE
hide this ad
More By:
steelnation86
Quiz
Plays
Rating
Category
Featured
Created
Twice-Elected Presidents Minefield
313,811
4.24
History
Apr 6, 2012
NFL Super Bowl Winner or Not?
105,613
4.40
Sports
Dec 10, 2011
MLB All-Time Starting Nines By HR
104,045
4.58
Sports
Jul 25, 2012
NFL Top 100 Receivers (2011)
71,585
4.46
Sports
Jan 1, 2012
Most NFL Games with a Pass & Rush TD
64,729
4.58
Sports
Dec 15, 2013
Go to Creator's Profile
Score Distribution
Quiz Creator Spotlight
steelnation86
Follow
Send a Message
Quizzes Created
-
Created Quiz Play Count
-
More By This Creator
Popular Quizzes Today
1
Colored Red Africa Blitz
2
Find the 'City' Movie
3
Find the US States - No Outlines Minefield
4
5x2 Blitz: Bands
5
The Countries of the World
6
Find the US States
7
Find the Countries of Europe - No Outlines Minefield
8
US States
More Sports Quizzes
30-Second 2022 Womens Royal Rumble Picture Click
Quiz Lab
Trending Quizzes
Colored Red Europe Blitz I
Colored Red Europe Blitz II
Colored Red Africa Blitz II
Colored Red Europe Blitz III
Colored Red Africa Blitz III
Recently Updated
How Do You Spell That?
pecheneg
Godzilla Movies
pecheneg
Grab Bag: 4-10 Letters
pecheneg
2024 March Madness Bracket
pecheneg
Famous TV Couples
Peacemaker
Champions League XIs: Real Madrid
pecheneg
Largest US Cities 1790-2010
pecheneg
Rides in Walt Disney World
pecheneg
Most Oscar Losses (Acting)
pecheneg
Beyoncé Albums
pecheneg
Trending Topics
Crossword
Marvel
Kpop
NBA
Harry Potter
Anime
Disney
The Office
NFL
Puzzle
Song
WWE
Country
Pokémon
Soccer
Your Account Isn't Verified!
In order to create a playlist on Sporcle, you need to verify the email address you used during registration. Go to your
Sporcle Settings
to finish the process.
Report this User
Report this user for behavior that violates our
Community Guidelines
.
Details:
Send Report
Go to the Sporcle.com Mobile Site →
Comments